00982nam a2200253 a 450000100060000000300080000600500170001400800410003103500190007203500180009104000410010904100080015008200260015824500630018426000460024730000250029365000430031871000360036183000240039794200120042199900170043395201400045095201380059073205BD-RjUL20211209082348.0170529s1951 waua 000 0 eng d a(BD-RjUL)73423 a(OCoLC)568129 aDLCcODaWUdOCoLCdUkdDLCdwaubeng aeng 223a621.381bPUL 195110aPulse techniques /cUnited States. Department of the Army. aWashington : 1951.b U.S. G.P.O., c1951. avi, 102 p. ;c28 cm. 0aPulse techniques (Electronics)9165344 aDepartment of the Army.9216550 aTM, 11-672.9216549 2ddccBK c73205d73205 00102ddc40718NFICaRUCLbRUCLcReadingd1970-10-12eZeitlingerg5.00l0o621.381 PUL 1951r2017-05-29 00:00:00tC-1w2017-05-29yBK 00102ddc40708NFICaRUCLbRUCLcStackd1970-10-12eZeitlingerg5.00l0o621.381 PUL 1951r2017-05-29 00:00:00tC-2w2017-05-29yBK